অর্থনীতি প্রথম পত্র একাদশ-দ্বাদশ শ্রেণী / (Record no. 5213)
[ view plain ]
| 000 -LEADER | |
|---|---|
| fixed length control field | 00729nam a2200229 a 4500 |
| 001 - CONTROL NUMBER | |
| JCCL Control Number | 5213 |
| 003 - CONTROL NUMBER IDENTIFIER | |
| JCCL marc code | BD-JhCC |
| 005 - DATE AND TIME OF LATEST TRANSACTION | |
| control field | 20220228134021.0 |
| 008 - FIXED-LENGTH DATA ELEMENTS--GENERAL INFORMATION | |
| fixed length control field | 171210s20022013bg a|||| ||a| 000 0 ben d |
| 020 ## - INTERNATIONAL STANDARD BOOK NUMBER | |
| International Standard Book Number | 9843221758 |
| 035 ## - SYSTEM CONTROL NUMBER | |
| system control number | (BD-JhCC)5213 |
| 040 ## - CATALOGING SOURCE | |
| Original cataloging agency | BD-JhCC |
| Modifying agency | BD-JhCC |
| 041 ## - LANGUAGE CODE | |
| Language code of Book | ben |
| 082 ## - DEWEY DECIMAL CLASSIFICATION NUMBER | |
| Classification number | 330 |
| Author mark and Year | NAT 2002 |
| 100 ## - MAIN ENTRY--PERSONAL NAME | |
| Personal name | নাথ, রণজিত কুমার |
| 245 ## - TITLE STATEMENT | |
| Title | অর্থনীতি প্রথম পত্র একাদশ-দ্বাদশ শ্রেণী / |
| Statement of responsibility, etc | রণজিত কুমার নাথ |
| 260 ## - PUBLICATION, DISTRIBUTION, ETC. (IMPRINT) | |
| Place of publication, distribution, etc | ঢাকা : |
| Name of publisher, distributor, etc | হাসান বুক হাউস, |
| Date of publication, distribution, etc | 2002. |
| 300 ## - PHYSICAL DESCRIPTION | |
| Pagination | 240 p. : |
| Dimensions | 23 cm. |
| 650 ## - SUBJECT ADDED ENTRY--TOPICAL TERM | |
| Topical term or geographic name as entry element | Economics |
| 942 ## - ADDED ENTRY ELEMENTS (KOHA) | |
| Source of classification or shelving scheme | Dewey Decimal Classification |
| Koha item type | Books |
| Koha issues (borrowed), all copies | 6 |
| Source of classification or shelving scheme | Damaged status | Not for loan | Home library | Current library | Shelving location | Date of accession | Cost, normal purchase price | Total Checkouts | Full call number | Barcode | Date last seen | Copy number | Koha item type | Date checked out |
|---|---|---|---|---|---|---|---|---|---|---|---|---|---|---|
| Dewey Decimal Classification | JCC Rouf Library | JCC Rouf Library | General Stacks | 12/10/2017 | 105.00 | 330 NAT 2002 | 7158 | 12/10/2017 | C-1 | Books | ||||
| Dewey Decimal Classification | JCC Rouf Library | JCC Rouf Library | General Stacks | 12/10/2017 | 105.00 | 1 | 330 NAT 2002 | 7157 | 09/01/2019 | C-2 | Books | 08/05/2019 | ||
| Dewey Decimal Classification | JCC Rouf Library | JCC Rouf Library | General Stacks | 12/17/2017 | 105.00 | 1 | 330 NAT 2002 | 7583 | 03/30/2022 | C-3 | Books | 02/27/2022 | ||
| Dewey Decimal Classification | JCC Rouf Library | JCC Rouf Library | General Stacks | 09/16/2019 | 241.00 | 1 | 330 NAT 2019 | 15628 | 02/23/2021 | C-4 | Books | 09/17/2019 | ||
| Dewey Decimal Classification | JCC Rouf Library | JCC Rouf Library | General Stacks | 09/16/2019 | 241.00 | 3 | 330 NAT 2019 | 15627 | 10/24/2024 | C-5 | Books | 03/24/2024 | ||
| Dewey Decimal Classification | JCC Rouf Library | JCC Rouf Library | General Stacks | 09/16/2019 | 241.00 | 1 | 330 NAT 2019 | 15626 | 08/19/2021 | C-6 | Books | 02/01/2020 |